| 000 | 01067cab a22002055a 4500 | ||
|---|---|---|---|
| 001 | L141970 | ||
| 008 | 080117s2007 xxkad f 000 0 eng d | ||
| 035 | _a(Sirsi) u141970 | ||
| 041 | 0 | _aeng | |
| 100 | 1 | _aDixon, Tim | |
| 245 | 0 | 0 |
_aEnergy efficiency _bbright future for professionals |
| 260 | _c2007 | ||
| 490 | 0 |
_aProperty Forecast _v10(11) November 2007, 9-11(3) |
|
| 520 | _aSuggests that built environment property professionals have a key role to play in the sustainability agenda, including the energy efficiency of buildings. Considers the role played by property professionals and the problems they face implementing energy efficiency measures in both residential and commercial property. Considers the likely impact of the Energy Performance of Buildings Directive and the possible implications for property investors. | ||
| 590 | _aKA | ||
| 651 | 4 | _aInternational | |
| 690 | _aENVIRONMENTAL AND LAND CONSULTANCY-ENERGY-ENERGY USE-ENERGY EFFICIENCY | ||
| 690 | _aENVIRONMENTAL LAND CONSULTANCY-SUSTAINABLE DEVELOPMENT-SUSTAINABILITY | ||
| 942 | _n0 | ||
| 999 |
_c79679 _d79679 |
||